000
00366nam a2200133Ia 4500
008
151001s9999||||xx |||||||||||||| ||und||
100
_a
वा शि आपटे
245
_a
शिकार वाघाची
250
_a
1
260
_b
प्रसाद प्रकाशन मुंबई
260
_c
1987
300
_a
104
365
_b
18
999
_c
967658
_d
967655